000 00684nam a2200217 i 4500
001 106109
003 ES-MaACL
005 20231221192159.0
007 t|
008 060927s1961 sp ||||1| spa d
080 _a821.134.2-4"19"
100 1 _aSalinas, Pedro,
_d1891-1951
_9101942
245 1 3 _aLa responsabilidad del escritor /
_cPedro Salinas.
260 _aBarcelona :
_bSeix Barral,
_c1961.
300 _a269 p. ;
_c18 cm.
490 1 _aBiblioteca breve (Editorial Seix Barral) ;
_v162
500 _aBiblioteca Juan Andrade.
830 0 _aBiblioteca breve (Seix Barral)
_v162
_9227188
852 _aES-MaACL
_jAND-785
_bR.110080
999 _c106109
_d106109